[Event "Steyr Landesliga 1920"]
[Site "Austria"]
[Date "2020.03.07"]
[Round "9.3"]
[White "Schrittwieser, Herbert"]
[Black "Leisenberger, Harald"]
[Result "0-1"]
[WhiteElo "2172"]
[BlackElo "2137"]
[PlyCount "70"]
[EventDate "2019.09.28"]
[EventType "team-tourn"]
[EventRounds "11"]
[EventCountry "AUT"]
[SourceTitle "CBM 195 Extra"]
[Source "ChessBase"]
[SourceDate "2020.05.31"]
[SourceVersion "1"]
[SourceVersionDate "2020.05.31"]
[SourceQuality "1"]
[WhiteTeam "Graz Austria"]
[BlackTeam "Gratwein Strassengel"]
[WhiteTeamCountry "AUT"]
[BlackTeamCountry "AUT"]

1. Nf3 d5 2. g3 Nf6 3. Bg2 e6 4. 0-0 c5 5. d4 cxd4 6. Nxd4 e5 7. Nb3 Nc6 8. Bg5 Be6 9. Nc3 d4 10. Ne4 Be7 11. Bxf6 gxf6 12. Nec5 Bc8 13. c3 dxc3 14. bxc3 Qb6 15. Ne4 Qc7 16. Qd3 f5 17. Nec5 e4 18. Qe3 b6 19. Na4 Bd7 20. Nb2 h5 21. a4 h4 22. a5 Nxa5 23. Nxa5 bxa5 24. Qd4 Rg8 25. Nc4 hxg3 26. hxg3 Be6 27. Nxa5 Bc5 28. Rfd1 Bxd4 29. cxd4 f4 30. d5 fxg3 31. dxe6 gxf2+ 32. Kf1 Qg3 33. exf7+ Kxf7 34. Rd7+ Ke8 35. Bxe4 Qg1# 0-1

[Event "Steyr Landesliga 1819"]
[Site "Austria"]
[Date "2019.03.09"]
[Round "9.3"]
[White "Leisenberger, Harald"]
[Black "Zechner, Gernot"]
[Result "1/2-1/2"]
[WhiteElo "2105"]
[BlackElo "2261"]
[PlyCount "114"]
[EventDate "2018.10.06"]
[EventType "team-tourn"]
[EventRounds "11"]
[EventCountry "AUT"]
[SourceTitle "CBM 189 Extra"]
[Source "ChessBase"]
[SourceDate "2019.06.03"]
[SourceVersion "1"]
[SourceVersionDate "2019.06.03"]
[SourceQuality "1"]
[WhiteTeam "Gratwein Strassengel"]
[BlackTeam "Graz Austria"]
[WhiteTeamCountry "AUT"]
[BlackTeamCountry "AUT"]

1. e4 c5 2. Nf3 e6 3. d3 Nc6 4. g3 d5 5. Qe2 Be7 6. Bg2 Nf6 7. 0-0 b6 8. Re1 Bb7 9. Nbd2 Qc7 10. e5 Nd7 11. Nf1 g5 12. Nxg5 Ncxe5 13. Bf4 Bxg5 14. Bxg5 Ng6 15. Ne3 Qe5 16. f4 Qxb2 17. Nf5 0-0 18. Rab1 Qc3 19. Rb3 Qa5 20. Nh6+ Kh8 21. f5 exf5 22. Nxf5 c4 23. Bd2 Qc5+ 24. Be3 Qc7 25. Bd4+ f6 26. dxc4 dxc4 27. Bxb7 Qxb7 28. Qxc4 Nde5 29. Bxe5 Nxe5 30. Qe4 Qxe4 31. Rxe4 Rac8 32. Re2 Rfd8 33. Ra3 Rc5 34. Kg2 a5 35. Rae3 Rdc8 36. Nd6 R8c6 37. Ne4 Rxc2 38. Nxf6 Rxe2+ 39. Rxe2 Rxf6 40. Rxe5 Rc6 41. a4 Rc4 42. Re6 Rb4 43. Kf3 Kg7 44. g4 Kf7 45. Rh6 Kg7 46. Rc6 h6 47. h4 Rxa4 48. Rxb6 Ra1 49. h5 a4 50. Rg6+ Kh7 51. Ra6 a3 52. Kg2 Kg7 53. Rg6+ Kh7 54. Ra6 a2 55. Kh2 Kg7 56. Kg2 Kf7 57. Kh2 Kg7 1/2-1/2

[Event "Steyr Landesliga 1819"]
[Site "Austria"]
[Date "2018.10.13"]
[Round "2.3"]
[White "Leisenberger, Harald"]
[Black "Mitter, Gerd"]
[Result "1/2-1/2"]
[WhiteElo "2105"]
[BlackElo "2218"]
[PlyCount "69"]
[EventDate "2018.10.06"]
[EventType "team-tourn"]
[EventRounds "11"]
[EventCountry "AUT"]
[SourceTitle "CBM 187 Extra"]
[Source "ChessBase"]
[SourceDate "2018.11.04"]
[SourceVersion "1"]
[SourceVersionDate "2018.11.04"]
[SourceQuality "1"]
[WhiteTeam "Gratwein Strassengel"]
[BlackTeam "Trofaiach Niklasdorf"]
[WhiteTeamCountry "AUT"]
[BlackTeamCountry "AUT"]

1. Nf3 d5 2. d4 Nf6 3. c4 g6 4. cxd5 Nxd5 5. e4 Nb6 6. Nc3 Bg7 7. Bb5+ c6 8. Be2 0-0 9. 0-0 Bg4 10. Be3 N8d7 11. Qb3 Be6 12. d5 cxd5 13. exd5 Bg4 14. Rfd1 Rc8 15. Rac1 Bxf3 16. Bxf3 Ne5 17. Be2 Nec4 18. Bxc4 Nxc4 19. Qxb7 Nxe3 20. fxe3 Rb8 21. Qxa7 Rxb2 22. Qa3 Rb7 23. Ne4 Bb2 24. Qa6 Rb6 25. Qc4 Bxc1 26. Rxc1 Qb8 27. d6 Rb4 28. Qd3 Rxe4 29. Qxe4 Qxd6 30. a4 Rb8 31. h3 Rb4 32. Rc4 Qd1+ 33. Kh2 Qd6+ 34. Kg1 Qd1+ 35. Kh2 1/2-1/2

[Event "Steyr Landesliga 1718"]
[Site "Austria"]
[Date "2018.04.14"]
[Round "11.3"]
[White "Leisenberger, Harald"]
[Black "Eder, Matthias"]
[Result "1-0"]
[WhiteElo "2044"]
[BlackElo "2121"]
[PlyCount "99"]
[EventDate "2017.09.30"]
[EventType "team-tourn"]
[EventRounds "11"]
[EventCountry "AUT"]
[SourceTitle "EXT 2021"]
[Source "ChessBase"]
[SourceDate "2020.10.23"]
[SourceVersion "1"]
[SourceVersionDate "2020.10.23"]
[SourceQuality "1"]
[WhiteTeam "Leibnitz"]
[BlackTeam "Graz Schachfreunde II"]
[WhiteTeamCountry "AUT"]
[BlackTeamCountry "AUT"]

1. d4 b5 2. e4 Bb7 3. Bd3 e6 4. Nf3 c5 5. c3 c4 6. Bc2 d5 7. Nbd2 Nf6 8. e5 Nfd7 9. Nf1 Nc6 10. Ng3 Be7 11. h4 Qc7 12. Ng5 Bxg5 13. Bxg5 h6 14. Qh5 Nf8 15. Bd2 0-0-0 16. Qg4 f6 17. f4 Kb8 18. h5 Nd7 19. 0-0 f5 20. Nxf5 exf5 21. Bxf5 Ne7 22. Bc2 Nc6 23. Rae1 Ka8 24. Qxg7 Rdg8 25. Qf7 Rf8 26. Qe6 Nb6 27. Qh3 Bc8 28. f5 Qg7 29. g4 Rhg8 30. Rf4 Qg5 31. Kh1 Ne7 32. Bc1 Nc6 33. Rfe4 Qg7 34. f6 Qh8 35. Rf4 Nd8 36. Bf5 Ne6 37. Rf2 Rg5 38. Bxg5 Nxg5 39. Qe3 Bxf5 40. gxf5 Re8 41. Rg2 Nd7 42. Qg3 Qf8 43. Rf1 Nb6 44. Rf4 Qf7 45. Rg4 Rg8 46. Qh4 Rh8 47. Rxg5 hxg5 48. Rxg5 Rh6 49. e6 Qf8 50. f7 1-0

[Event "Graz op-A"]
[Site "Graz"]
[Date "2018.02.23"]
[Round "9"]
[White "Ding, Tze How Dilwen"]
[Black "Leisenberger, Harald"]
[Result "1-0"]
[WhiteElo "2306"]
[BlackElo "2075"]
[PlyCount "79"]
[EventDate "2018.02.17"]
[EventType "swiss"]
[EventRounds "9"]
[EventCountry "AUT"]
[SourceTitle "CBM 183 Extra"]
[Source "ChessBase"]
[SourceDate "2018.04.19"]
[SourceVersion "1"]
[SourceVersionDate "2018.04.19"]
[SourceQuality "1"]

1. d4 Nf6 2. Nf3 d5 3. c4 e6 4. g3 Be7 5. Bg2 0-0 6. 0-0 dxc4 7. Qc2 a6 8. Qxc4 b5 9. Qc2 Bb7 10. Bf4 Nc6 11. Rd1 Nb4 12. Qc1 Rc8 13. a3 Nbd5 14. b4 Nxf4 15. gxf4 Qd6 16. Nc3 Nd5 17. Ne5 Nxc3 18. Qxc3 Bxg2 19. Kxg2 Bf6 20. Rac1 Rfd8 21. Qf3 Bxe5 22. fxe5 Qb6 23. Rc6 Qa7 24. Qc3 Rd7 25. e3 h6 26. Rc1 Qb7 27. Kf1 Kh8 28. Ke2 Kg8 29. Qc5 Kh7 30. Qc2+ g6 31. Qe4 Rcd8 32. h4 h5 33. Qf4 Qa7 34. R1c5 Kg7 35. Qf6+ Kg8 36. Rxc7 Qa8 37. Rc1 Qd5 38. Rc8 Qa2+ 39. Kf1 Qd5 40. R1c5 1-0

[Event "Steyr Landesliga 1718"]
[Site "Austria"]
[Date "2017.10.07"]
[Round "2.3"]
[White "Leisenberger, Harald"]
[Black "Wilfling, Hermann"]
[Result "0-1"]
[WhiteElo "2044"]
[BlackElo "2145"]
[PlyCount "67"]
[EventDate "2017.09.30"]
[EventType "team-tourn"]
[EventRounds "11"]
[EventCountry "AUT"]
[SourceTitle "CBM 181 Extra"]
[Source "ChessBase"]
[SourceDate "2017.12.12"]
[SourceVersion "1"]
[SourceVersionDate "2017.12.12"]
[SourceQuality "1"]
[WhiteTeam "Leibnitz"]
[BlackTeam "Feldbach Kirchberg"]
[WhiteTeamCountry "AUT"]
[BlackTeamCountry "AUT"]

1. d4 Nf6 2. c4 e5 3. dxe5 Ng4 4. Bf4 Nc6 5. Nf3 Bb4+ 6. Nbd2 Qe7 7. e3 Ngxe5 8. Be2 0-0 9. 0-0 Bxd2 10. Qxd2 d6 11. h3 b6 12. b4 Bb7 13. Rfc1 a5 14. a3 Ng6 15. Bg3 axb4 16. axb4 Nce5 17. Nxe5 Nxe5 18. Qc3 Nd7 19. Bd3 Be4 20. Bxe4 Qxe4 21. Qd4 Nf6 22. c5 bxc5 23. bxc5 Rxa1 24. Qxa1 dxc5 25. Rxc5 c6 26. Qa6 Qb1+ 27. Kh2 Ne4 28. Rxc6 Nxg3 29. Kxg3 Qb8+ 30. Kf3 Rd8 31. g3 Qe5 32. Kg2 Qe4+ 33. Kh2 Qf5 34. Rc2 0-1

[Event "Steyr Landesliga 1718"]
[Site "Austria"]
[Date "2017.09.30"]
[Round "1.5"]
[White "Elpons, Walter"]
[Black "Leisenberger, Harald"]
[Result "1-0"]
[WhiteElo "1977"]
[BlackElo "2044"]
[PlyCount "73"]
[EventDate "2017.09.30"]
[EventType "team-tourn"]
[EventRounds "11"]
[EventCountry "AUT"]
[SourceTitle "CBM 181 Extra"]
[Source "ChessBase"]
[SourceDate "2017.12.12"]
[SourceVersion "1"]
[SourceVersionDate "2017.12.12"]
[SourceQuality "1"]
[WhiteTeam "Graz Schachgesellschaft"]
[BlackTeam "Leibnitz"]
[WhiteTeamCountry "AUT"]
[BlackTeamCountry "AUT"]

1. d4 Nf6 2. Nf3 d5 3. Bf4 c5 4. e3 Nc6 5. c3 e6 6. Bd3 Bd6 7. Bg3 0-0 8. Nbd2 b6 9. Ne5 Bb7 10. f4 Rc8 11. Bh4 Be7 12. g4 Nxe5 13. fxe5 Ne4 14. Bxe7 Qxe7 15. Nf3 f6 16. h4 fxe5 17. Nxe5 cxd4 18. exd4 Qf6 19. Qc2 Qf4 20. Rh3 Rc7 21. Rf3 Qh6 22. Bxe4 dxe4 23. Rxf8+ Kxf8 24. Qf2+ Qf6 25. Ke2 Qxf2+ 26. Kxf2 Kg8 27. Ke3 Re7 28. Rf1 Bd5 29. a3 Rc7 30. g5 Re7 31. h5 Bb7 32. g6 Rc7 33. gxh7+ Kxh7 34. Rf8 Kh6 35. Kf4 g5+ 36. hxg6 Bd5 37. Rh8+ 1-0

[Event "Steyr Landesliga 1617"]
[Site "Austria"]
[Date "2017.04.01"]
[Round "9.6"]
[White "Schloffer, Jasmin Denise"]
[Black "Leisenberger, Harald"]
[Result "1/2-1/2"]
[WhiteElo "1962"]
[BlackElo "2048"]
[PlyCount "132"]
[EventDate "2016.10.01"]
[EventType "team-tourn"]
[EventRounds "11"]
[EventCountry "AUT"]
[SourceTitle "EXT 2018"]
[Source "ChessBase"]
[SourceDate "2017.10.13"]
[SourceVersion "1"]
[SourceVersionDate "2017.10.13"]
[SourceQuality "1"]
[WhiteTeam "Feldbach Kirchberg"]
[BlackTeam "Schachfreunde"]
[WhiteTeamCountry "AUT"]
[BlackTeamCountry "AUT"]

1. d4 Nf6 2. c4 e6 3. Nc3 Bb4 4. Qc2 0-0 5. a3 Bxc3+ 6. Qxc3 d5 7. Bg5 dxc4 8. e3 b5 9. a4 c6 10. b3 a5 11. Bxf6 Qxf6 12. axb5 cxb5 13. Rxa5 Rxa5 14. Qxa5 Qg6 15. Qa2 Bb7 16. Nf3 c3 17. Ne5 Qe4 18. Nd3 Nc6 19. Qa1 Nxd4 20. Qxc3 Nf5 21. Qd2 Rd8 22. Rg1 Ra8 23. Be2 Ra1+ 24. Bd1 Bd5 25. Qc3 h6 26. Qxa1 Qxd3 27. Qc1 Bxb3 28. Bxb3 Qxb3 29. Ke2 Qa2+ 30. Qd2 Qc4+ 31. Ke1 b4 32. f3 b3 33. Kf2 Qh4+ 34. g3 Qxh2+ 35. Rg2 Qh1 36. Rg1 Qh2+ 37. Rg2 Qh1 38. e4 Qa1 39. Rg1 b2 40. Qd3 Qa7+ 41. Kg2 Nxg3 42. Rb1 Qb8 43. Qa3 Nh5 44. Rxb2 Qg3+ 45. Kf1 Nf4 46. Qe3 h5 47. Qf2 Qxf2+ 48. Rxf2 g5 49. Ra2 Kg7 50. Ra5 Kg6 51. Ra6 Kf6 52. Kg1 h4 53. Kf2 Nd3+ 54. Kg2 Ke5 55. Ra7 f6 56. Ra6 Kd4 57. Kg1 Nf4 58. Kf2 Nd3+ 59. Kg1 Ke5 60. Kg2 Nf4+ 61. Kf2 h3 62. Kg3 f5 63. exf5 exf5 64. Ra5+ Kf6 65. Ra6+ Ke5 66. Ra5+ Kf6 1/2-1/2

[Event "Steyr Landesliga 1516"]
[Site "Austria"]
[Date "2015.10.24"]
[Round "3.8"]
[White "Leisenberger, Harald"]
[Black "Stallinger, Vanessa"]
[Result "1-0"]
[WhiteElo "2040"]
[BlackElo "1762"]
[PlyCount "43"]
[EventDate "2015.09.26"]
[EventType "team-tourn"]
[EventRounds "11"]
[EventCountry "AUT"]
[SourceTitle "EXT 2017"]
[Source "ChessBase"]
[SourceDate "2016.10.25"]
[SourceVersion "1"]
[SourceVersionDate "2016.10.25"]
[SourceQuality "1"]
[WhiteTeam "Graz Schachfreunde"]
[BlackTeam "Leibnitz Software"]
[WhiteTeamCountry "AUT"]
[BlackTeamCountry "AUT"]

1. d4 d5 2. Nf3 Nf6 3. c4 c6 4. Qc2 e6 5. Nbd2 Nbd7 6. g3 Bd6 7. Bg2 0-0 8. 0-0 Re8 9. b3 e5 10. cxd5 Nxd5 11. Nc4 Bc7 12. dxe5 b5 13. Nd6 Bxd6 14. exd6 Bb7 15. Rd1 N7f6 16. Bb2 Qxd6 17. Rac1 Qe7 18. Nd4 Rac8 19. a3 a5 20. Nf5 Qe6 21. e4 Nb6 22. Rd6 1-0

[Event "Steyr Landesliga 1314"]
[Site "Austria"]
[Date "2013.11.23"]
[Round "4.3"]
[White "Leisenberger, Harald"]
[Black "Wegerer, Fred"]
[Result "1/2-1/2"]
[WhiteElo "2092"]
[BlackElo "2166"]
[PlyCount "105"]
[EventDate "2013.09.28"]
[EventType "team-tourn"]
[EventRounds "11"]
[EventCountry "AUT"]
[SourceTitle "EXT 2015"]
[Source "ChessBase"]
[SourceDate "2014.11.20"]
[SourceVersion "1"]
[SourceVersionDate "2014.11.20"]
[SourceQuality "1"]
[WhiteTeam "Kapfenberg/Norske/Bruck"]
[BlackTeam "Graz Austria"]
[WhiteTeamCountry "AUT"]
[BlackTeamCountry "AUT"]

1. e4 g6 2. d4 Bg7 3. Nc3 c6 4. Nf3 d5 5. h3 Nh6 6. Bf4 f6 7. Be2 Nf7 8. Bh2 0-0 9. 0-0 a6 10. a4 b6 11. Re1 e6 12. b4 Bb7 13. Bf1 Re8 14. e5 f5 15. a5 c5 16. dxc5 bxc5 17. bxc5 Nd7 18. Qd4 Bf8 19. Na4 Bc6 20. c4 Bxa4 21. Rxa4 Nxc5 22. Ra2 Ne4 23. cxd5 Bc5 24. Qd3 exd5 25. Rd1 Qe7 26. Rc2 Qa7 27. e6 Rxe6 28. Nd4 Rf6 29. f3 Ned6 30. Kh1 Nc4 31. Qc3 Re8 32. Bxc4 dxc4 33. Qxc4 Bxd4 34. Qxd4 Re1+ 35. Bg1 Qxd4 36. Rxd4 Rd6 37. Kh2 Rxd4 38. Bxd4 Nd6 39. Rc6 Nb5 40. Bf6 Kf7 41. Rxa6 Nc7 42. Bh4 Rc1 43. Ra7 Ke6 44. Bg3 Nd5 45. Rxh7 f4 46. Bh4 Ra1 47. Bd8 Ne3 48. Re7+ Kd6 49. h4 Nf1+ 50. Kh3 Ne3 51. Kh2 Nf1+ 52. Kh3 Ne3 53. Kh2 1/2-1/2

[Event "Graz op 20th"]
[Site "Graz"]
[Date "2013.08.28"]
[Round "5"]
[White "Goessler, Markus"]
[Black "Leisenberger, Harald"]
[Result "1-0"]
[WhiteElo "2124"]
[BlackElo "2092"]
[PlyCount "53"]
[EventDate "2013.08.24"]
[EventType "swiss"]
[EventRounds "9"]
[EventCountry "AUT"]
[SourceTitle "CBM 156 Extra"]
[Source "ChessBase"]
[SourceDate "2013.10.22"]
[SourceVersion "1"]
[SourceVersionDate "2013.10.22"]
[SourceQuality "1"]

1. e4 c5 2. Nf3 d6 3. d4 cxd4 4. Nxd4 Nf6 5. Nc3 a6 6. Be3 e5 7. Nb3 Be6 8. f3 Be7 9. Qd2 h5 10. 0-0-0 Nbd7 11. Kb1 Rc8 12. h3 h4 13. Bd3 b5 14. f4 g6 15. Qf2 Qc7 16. Rhf1 b4 17. Nd5 Bxd5 18. exd5 Nxd5 19. fxe5 Nxe5 20. Bd4 Nxd3 21. Qxf7+ Kd7 22. cxd3 Qc2+ 23. Ka1 Rh5 24. Rde1 Qxg2 25. Qe6+ Kd8 26. Bb6+ Rc7 27. Rf8+ 1-0

[Event "Graz op 20th"]
[Site "Graz"]
[Date "2013.08.27"]
[Round "4"]
[White "Krcmar, Aleksander"]
[Black "Leisenberger, Harald"]
[Result "1/2-1/2"]
[WhiteElo "1646"]
[BlackElo "2092"]
[PlyCount "148"]
[EventDate "2013.08.24"]
[EventType "swiss"]
[EventRounds "9"]
[EventCountry "AUT"]
[SourceTitle "CBM 156 Extra"]
[Source "ChessBase"]
[SourceDate "2013.10.22"]
[SourceVersion "1"]
[SourceVersionDate "2013.10.22"]
[SourceQuality "1"]

1. e4 c5 2. c3 Nf6 3. e5 Nd5 4. Bc4 Nb6 5. Bb3 Nc6 6. Nf3 d5 7. d4 cxd4 8. cxd4 Bg4 9. Be3 e6 10. 0-0 Be7 11. Nbd2 0-0 12. Re1 Qd7 13. Nf1 Rfc8 14. Ng3 Rc7 15. h3 Bxf3 16. Qxf3 Nb4 17. Nh5 Qd8 18. Rac1 Rxc1 19. Rxc1 Rc8 20. Rxc8 Qxc8 21. Qg3 g6 22. Bh6 Nd7 23. Ba4 Nc6 24. Bg5 Nxd4 25. Bxd7 Ne2+ 26. Kh2 Nxg3 27. Bxc8 Nf1+ 28. Kg1 Bxg5 29. Kxf1 gxh5 30. g3 Bc1 31. b3 h4 32. Kg2 hxg3 33. Kxg3 b6 34. Ba6 f6 35. f4 Kf7 36. Bd3 h6 37. h4 Bb2 38. exf6 Kxf6 39. h5 e5 40. fxe5+ Kxe5 41. Kf3 Kd4 42. Bg6 Kc3 43. Ke2 Ba3 44. Bf7 d4 45. Bc4 a5 46. Bb5 Kb2 47. Kd3 Kxa2 48. Kxd4 Kxb3 49. Bc4+ Kb4 50. Kd3 Bb2 51. Bf7 Bf6 52. Be8 b5 53. Kc2 a4 54. Bd7 Ka5 55. Be8 b4 56. Bf7 Kb6 57. Be6 Kc5 58. Bf7 Be5 59. Bg8 Kd4 60. Be6 Ke3 61. Bf7 Kf4 62. Kd3 Kg5 63. Kc4 Bc3 64. Be8 Be1 65. Bxa4 Kxh5 66. Kd3 Kg4 67. Ke2 Bc3 68. Kf2 Kh3 69. Kg1 Bd4+ 70. Kh1 h5 71. Bb3 h4 72. Bc4 Kg3 73. Bb3 Kf4 74. Bc4 Be3 1/2-1/2

[Event "Steyr Landesliga 1112"]
[Site "Austria"]
[Date "2011.10.08"]
[Round "2.5"]
[White "Leisenberger, Harald"]
[Black "Kravanja, Georg"]
[Result "0-1"]
[WhiteElo "2167"]
[BlackElo "2104"]
[PlyCount "56"]
[EventDate "2011.09.24"]
[EventType "team-tourn"]
[EventRounds "11"]
[EventCountry "AUT"]
[SourceTitle "EXT 2013"]
[Source "ChessBase"]
[SourceDate "2012.11.22"]
[SourceVersion "1"]
[SourceVersionDate "2012.11.22"]
[SourceQuality "1"]
[WhiteTeam "Graz Strassenbahn"]
[BlackTeam "Graz Schachfreunde"]
[WhiteTeamCountry "AUT"]
[BlackTeamCountry "AUT"]

1. e4 c6 2. d4 d5 3. Nc3 dxe4 4. Nxe4 Bf5 5. Ng3 Bg6 6. h4 h6 7. Nf3 Nd7 8. h5 Bh7 9. Bd3 Bxd3 10. Qxd3 e6 11. Bd2 Ngf6 12. 0-0-0 Be7 13. Qe2 c5 14. Rhe1 0-0 15. dxc5 Qc7 16. Ne5 Nxe5 17. Qxe5 Qxc5 18. Nf5 exf5 19. Qxe7 Qxf2 20. Rf1 Qb6 21. Rxf5 Rfe8 22. Qa3 Rad8 23. Qf3 Ne4 24. Be3 Rxd1+ 25. Kxd1 Qxb2 26. Rxf7 Rd8+ 27. Ke1 Qc3+ 28. Ke2 Qxc2+ 0-1